<?xml version="1.0" encoding="UTF-8"?>
<marc:record xmlns:marc="http://www.loc.gov/MARC21/slim">
   <marc:leader>00000nam a2200000 a 4500</marc:leader>
   <marc:datafield ind1="1" ind2=" " tag="100">
      <marc:subfield code="a">Chobot, Manfred</marc:subfield>
      <marc:subfield code="4">aut</marc:subfield>
      <marc:subfield code="e">Verfasser/-in</marc:subfield>
   </marc:datafield>
   <marc:datafield ind1=" " ind2=" " tag="653">
      <marc:subfield code="a">Krimi</marc:subfield>
   </marc:datafield>
   <marc:datafield ind1=" " ind2=" " tag="653">
      <marc:subfield code="a">Softcover / Belletristik/Erzählende Literatur</marc:subfield>
   </marc:datafield>
   <marc:datafield ind1=" " ind2=" " tag="653">
      <marc:subfield code="a">Erzählende Literatur</marc:subfield>
   </marc:datafield>
   <marc:datafield ind1="0" ind2="0" tag="245">
      <marc:subfield code="a">Doktor Mord</marc:subfield>
   </marc:datafield>
   <marc:datafield ind1="0" ind2="0" tag="245">
      <marc:subfield code="b">52 Mini-Krimis</marc:subfield>
   </marc:datafield>
   <marc:datafield ind1="0" ind2="0" tag="245">
      <marc:subfield code="c">Manfred Chobot</marc:subfield>
   </marc:datafield>
   <marc:datafield ind1=" " ind2="1" tag="264">
      <marc:subfield code="a">Wien</marc:subfield>
      <marc:subfield code="b">Löcker</marc:subfield>
      <marc:subfield code="c">2015</marc:subfield>
   </marc:datafield>
   <marc:datafield ind1="1" ind2=" " tag="520">
      <marc:subfield code="a">Angaben aus der Verlagsmeldung

Doktor Mord : 33 Mini-Krimis / von Manfred Chobot

Kein Tag ohne Krimi, denn bekanntlich geht die Mimi ohne Krimi nie ins Bett. Warum sollte Mimi nicht endlich einmal mit einem Mini-Krimi zu Bett gehen? Nichts spricht dagegen!
Kriminalfälle, wohin man blickt, nix als Kriminelle, soweit die Augen blicken, die Ohren hören und die Sinne reichen: in Zeitungen, in Zeitschriften, im Fernsehen, im Internet, in allen Medien rund um die Uhr und rund um den Globus: Tatorte, Kleinkriminelle, Eheleute, Politiker (Es gilt die Unschuldsvermutung!), Steuerhinterzieher, latent unschuldige Unschuldslämmer, Nebenerwerbsgangster, Profis, Manager, dicke Fische (Es gilt die Unschuldsvermutung!), Beamte (Das Verfahren wurde eingestellt!), Betrüger, gnadenlose Brutalos, Mörder, Brandstifter, Entführer, Anfänger, Fortgeschrittene, Räuber, Leute, die sogar Bettler berauben, Wiederholungstäter, Ermittlerinnen, Kommissare beiderlei Geschlechts, Sonderkommissionen, in allen Städten SOKOs, regional und international – sowie Menschen, wie Du und ich.
</marc:subfield>
   </marc:datafield>
   <marc:datafield ind1=" " ind2=" " tag="020">
      <marc:subfield code="a">9783854097495</marc:subfield>
      <marc:subfield code="9">9783854097495</marc:subfield>
   </marc:datafield>
   <marc:datafield ind1=" " ind2=" " tag="041">
      <marc:subfield code="a">ger</marc:subfield>
   </marc:datafield>
   <marc:datafield ind1=" " ind2=" " tag="300">
      <marc:subfield code="a">220 S.</marc:subfield>
   </marc:datafield>
</marc:record>
